Fundamentals of domination in graphs (Record no. 120765)
[ view plain ]
| 000 -LEADER | |
|---|---|
| fixed length control field | 00645nam a2200253Ia 4500 |
| 003 - CONTROL NUMBER IDENTIFIER | |
| control field | OSt |
| 005 - DATE AND TIME OF LATEST TRANSACTION | |
| control field | 20250728093619.0 |
| 008 - FIXED-LENGTH DATA ELEMENTS--GENERAL INFORMATION | |
| fixed length control field | 210210b1998 xxu||||| |||| 00| 0 eng d |
| 020 ## - INTERNATIONAL STANDARD BOOK NUMBER | |
| International Standard Book Number | 0824700333 |
| 040 ## - CATALOGING SOURCE | |
| Transcribing agency | Eng |
| 041 ## - LANGUAGE CODE | |
| Language code of text/sound track or separate title | eng |
| 082 ## - DEWEY DECIMAL CLASSIFICATION NUMBER | |
| Classification number | 511.5 HAYF |
| 100 ## - MAIN ENTRY--PERSONAL NAME | |
| Personal name | Teresa W Haynes |
| 9 (RLIN) | 208311 |
| 245 ## - TITLE STATEMENT | |
| Title | Fundamentals of domination in graphs |
| 260 ## - PUBLICATION, DISTRIBUTION, ETC. | |
| Place of publication, distribution, etc. | New York |
| Name of publisher, distributor, etc. | Marcel Dekker |
| Date of publication, distribution, etc. | 1998 |
| 300 ## - PHYSICAL DESCRIPTION | |
| Extent | xi,446p. |
| 650 ## - SUBJECT ADDED ENTRY--TOPICAL TERM | |
| Topical term or geographic name entry element | graphs |
| 9 (RLIN) | 208312 |
| 650 ## - SUBJECT ADDED ENTRY--TOPICAL TERM | |
| Topical term or geographic name entry element | Fundamentals |
| 9 (RLIN) | 208313 |
| 650 ## - SUBJECT ADDED ENTRY--TOPICAL TERM | |
| Topical term or geographic name entry element | domination |
| 9 (RLIN) | 208314 |
| 690 ## - LOCAL SUBJECT ADDED ENTRY--TOPICAL TERM (OCLC, RLIN) | |
| Topical term or geographic name as entry element | Graph Theory |
| 9 (RLIN) | 208315 |
| 700 ## - ADDED ENTRY--PERSONAL NAME | |
| Personal name | Hedetniem, Stephen T |
| 9 (RLIN) | 208316 |
| 906 ## - LOCAL DATA ELEMENT F, LDF (RLIN) | |
| a | 071423 |
| 942 ## - ADDED ENTRY ELEMENTS (KOHA) | |
| Source of classification or shelving scheme | Dewey Decimal Classification |
| Koha item type | Reference |
| Withdrawn status | Lost status | Source of classification or shelving scheme | Damaged status | Not for loan | Collection code | Home library | Current library | Shelving location | Date acquired | Source of acquisition | Cost, normal purchase price | Total Checkouts | Full call number | Barcode | Date last seen | Price effective from | Koha item type | Total Renewals | Date last checked out |
|---|---|---|---|---|---|---|---|---|---|---|---|---|---|---|---|---|---|---|---|
| Dewey Decimal Classification | Reference Book | Mathematics | St Aloysius Library | St Aloysius Library | Reference Section | 02/17/2021 | Biblios Book Point, Surathkal-575014 | 16287.70 | 511.5 HAYF | 071423 | 02/17/2021 | 02/17/2021 | Reference | ||||||
| Dewey Decimal Classification | Mathematics | St Aloysius Library | St Aloysius Library | 03/23/2017 | General Annual | 3 | 511.5 HAYF | D04421 | 04/02/2026 | 07/19/2021 | Donated Books | 1 | 10/08/2025 | ||||||
| Dewey Decimal Classification | Mathematics | St Aloysius Library | St Aloysius Library | 03/23/2017 | General Annual | 511.5 HAYF | D04422 | 07/19/2021 | 07/19/2021 | Donated Books |